000 00862nam a2200265Ia 4500
003 OSt
005 20221005085723.0
006 a|||||r|||| 00| 0
007 ta
008 221004b |||||||| |||| 00| 0 eng d
020 _a9781593858698 (hbk)
_c2811.59
024 _a99672
037 _b09-07233, 20/11/2009, Atlantic Publisher & Dist. Pvt Ltd.
_cTextual
040 _aCRL
_cCRL
_beng
041 _2eng
_aeng
082 _aSigma:(B28), P9
100 _aAyala R. J. de
_936238
245 0 _aTheory and practice of item response theory
260 _aNew York
_bGuilford USA
_c2009
300 _axv,448p.
_ccm.
490 _aMethodology in the social sciences
650 _aSPIRITUALISM
942 _hSigma:(B28), P9
_cTEXL
_2cc
999 _c994684
_d994684